Quiz o Nowym Dworze Mazowieckim - Statystyki

Ogólne statystyki
  • Ten quiz został rozwiązany 24 razy
  • Średni wynik to 7 z 10
Statystyki odpowiedzi
Hint Odpowiedź % Poprawnych
Ile mostów jest w Nowym Dworze? 2
100%
Ile rzek jest w okolicach Nowego Dworu? 3
95%
W jakim województwie leży Nowy DwórMazowiecki? Mazowieckie
95%
W jakim powiecie leży Nowy DwórMazowiecki? Nowodworski
91%
Co jest największą atrakcją turystycznąNowego Dworu Mazowieckiego? Twierdza Modlin
82%
Główna ulica Nowego Dworu Modlińska
64%
Kto jest burmistrzem NowegoDworu Mazowieckiego? Sebastian Sosiński
50%
Najbliższe miasto od Nowego Dworu Zakroczym
50%
Liczba mieszkańców Nowego Dworu 28 tys.
23%
W którym roku Nowy Dwór otrzymał prawa miejskie? 1374
14%
Nie znaleziono quizów pasujących do podanych kryteriów
Rozkład punktacji
Procent ludzi z każdym wynikiem
Percentyl według liczby udzielonych odpowiedzi
Twoja historia wyników
Nie rozwiązałeś tego quizu